000 00652nam a2200265Ia 4500
005 20260121161442.0
008 008 260114s9999 xx 000 0 eng d
020 _a9780203505755
037 _aEBOOK
040 _aCRL
040 _beng
040 _cCRL
041 _2eng
041 _aeng
084 _qCRL
100 _aLandscapes of Privilege
_91045026
245 0 _aNancy Duncan; Nancy Duncan
260 _bTaylor and Francis
260 _c2004
650 _aSociology & Social Policy
_91045027
856 _uhttp://www.taylorfrancis.com/books/9780203505755
942 _cEBOOK
999 _c1610921
_d1610921